000 00742cam a22002531 4500
001 sa 65005255
003 DLC
005 20260227112136.0
008 890106s1963 io a 000 0 ind
010 _asa 65005255
035 _a(OCoLC)23554241
040 _aDLC
_cMiU
_dDLC
042 _apremarc
043 _aa-io---
050 0 0 _aHG3729.I52
_bU54 1963
110 2 _aUniversitas Indonesia.
_bLembaga Penyelidikan Ekonomi dan Masyarakat.
245 1 0 _aMasalah perkreditan dan industri ketjil;
260 _aDjakarta,
_c1963.
300 _aii, 95 p.
_billus.
_c29 cm.
650 0 _aSmall business
_zIndonesia
_xFinance.
700 1 _aPanglaykim, J.
_eed.
700 1 _aMuljodihardjo, Julianto,
_eed.
700 1 _aDidong, Rustam,
_eed.
999 _c64216
_d64216